00317nam a2200121Ia 4500008004100000041000800041082001500049100002100064245004500085260002300130300003300153365000900186240624s9999 xx 000 0 und d aeng a302.35 SCA aSCANDURA TERRI A aESSENTIALS OF ORGANIZATIONAL BEHAVIOR AN c2016aLondonbSage axxvii, : 476 : p. : cm. ; 23 cb38